Catálogo

Catálogo de documentos siglo XVI / (Registro nro. 63724)

Detalles MARC
000 -LEADER
fixed length control field 00847nam a2200253 u 4500
001 - CONTROL NUMBER
control field 63724
005 - DATE AND TIME OF LATEST TRANSACTION
control field 20180714070258.0
008 - FIXED-LENGTH DATA ELEMENTS--GENERAL INFORMATION
fixed length control field 151111s2013 mx r 000 0 spa d
020 ## - INTERNATIONAL STANDARD BOOK NUMBER
International Standard Book Number 9786077928188
041 ## - LANGUAGE CODE
Language code of text/sound track or separate title spa
082 0# - DEWEY DECIMAL CLASSIFICATION NUMBER
Classification number 015.97247031
Item number TLA
110 1# - MAIN ENTRY--CORPORATE NAME
Corporate name or jurisdiction name as entry element Tlaxcala Gobierno del Estado
Relator term autor
245 10 - TITLE STATEMENT
Title Catálogo de documentos siglo XVI /
Statement of responsibility, etc. Tlaxcala Gobierno del Estado.
250 ## - EDITION STATEMENT
Edition statement Primera edición
264 #1 - PRODUCTION, PUBLICATION, DISTRIBUTION, MANUFACTURE, AND COPYRIGHT NOTICE
Place of production, publication, distribution, manufacture México :
Name of producer, publisher, distributor, manufacturer Archivo Histórico del Estado de Tlaxcala,
Date of production, publication, distribution, manufacture, or copyright notice 2013
300 ## - PHYSICAL DESCRIPTION
Extent xix, 281 páginas ;
Dimensions 27 cm.
336 ## - CONTENT TYPE
Content type term texto
Source rdacontent
337 ## - MEDIA TYPE
Media type term sin mediación
Source rdamedia
338 ## - CARRIER TYPE
Carrier type term volumen
Source rdacarrier
490 0# - SERIES STATEMENT
Series statement Colección Catálogos
650 #4 - SUBJECT ADDED ENTRY--TOPICAL TERM
Topical term or geographic name entry element Catálogos
General subdivision Manuscritos
Geographic subdivision México
650 #4 - SUBJECT ADDED ENTRY--TOPICAL TERM
Topical term or geographic name entry element Historia
General subdivision Fuentes
Geographic subdivision Tlaxcala
740 0# - ADDED ENTRY--UNCONTROLLED RELATED/ANALYTICAL TITLE
Uncontrolled related/analytical title Catálogo de Documentos Siglo XVI, Vol.I
Existencias
Withdrawn status Lost status Source of classification or shelving scheme Damaged status Not for loan Collection code Home library Current library Shelving location Date acquired Source of acquisition Inventory number Total Checkouts Full call number Barcode Date last seen Price effective from Koha item type
    Dewey Decimal Classification     General Biblioteca Karol Wojtyla Biblioteca Karol Wojtyla Sala general 11/11/2015 Compra 151000000000000000059622   015.97247031 TLA 2013 92502 05/01/2026 11/11/2015 Libro
    Dewey Decimal Classification     General Biblioteca Karol Wojtyla Biblioteca Karol Wojtyla Sala general 11/11/2015 Compra 151000000000000000059623   015.97247031 TLA 2013 92503 05/01/2026 11/11/2015 Libro